| 000 | 00640cab a2200205 4500 | ||
|---|---|---|---|
| 001 | WB2806-15 | ||
| 008 | 090401t1992 xxu||||| |||| 00| 0 eng d | ||
| 035 | _a(Sirsi) u26643 | ||
| 041 | _aeng | ||
| 245 | _aDry rot pigs | ||
| 260 | _c1992 | ||
| 350 | _a0 | ||
| 490 |
_aTimes _v5 February 1992, LT9(1) |
||
| 520 | _aThe National Swedish Institute for Building Research has discovered that pigs are capable of sniffing out dry rot. | ||
| 650 | _aDETECTION | ||
| 650 | _aBUILT ENVIRONMENT-BUILDING PATHOLOGY-INFESTATION (FUNGAL)-FUNGI-DRY ROT | ||
| 690 | _aBUILT ENVIRONMENT-BUILDING INSPECTION | ||
| 942 | _n0 | ||
| 948 | _c04/03/1997 | ||
| 999 |
_c17925 _d17925 |
||